[Event "FRA-ch"]
[Site "Angers"]
[Date "1990.??.??"]
[Round "6"]
[White "Daillet, Emmanuel"]
[Black "Birmingham, Eric"]
[Result "0-1"]
[WhiteElo "2280"]
[BlackElo "2305"]

1.c4 c5 2.Nc3 e6 3.Nf3 Nf6 4.g3 b6 5.Bg2 Bb7 6.O-O Be7 7.b3 O-O 8.d4 d6 9.d5 exd5
10.Nh4 Nbd7 11.Nf5 Re8 12.Re1 Rb8 13.Nxe7+ Qxe7 14.Nxd5 Nxd5 15.Bxd5 Bxd5
16.Qxd5 Nf6 17.Qd3 Rbd8 18.Bb2 d5 19.Bxf6 Qxf6 20.cxd5 Qd4 21.Rad1 Qxd3 22.Rxd3 Re5
23.e4 f5 24.f3 Kf7 25.Kf2 Ke7 26.exf5 Rxe1 27.Kxe1 Kd6 28.Re3 Rd7 29.f6 gxf6
30.Re6+ Kxd5 31.Rxf6 Kd4 32.Re6 Kd3 33.f4 b5 34.Re2 Rc7 35.Kf2 c4 36.bxc4 bxc4
37.Re3+ Kd4 38.Kf3 c3 39.Re1 c2 40.Rc1 Kd3 41.f5 Kd2 42.Rf1 c1=Q 43.Rxc1 Rxc1
44.Kf4 Kc3 45.Kg5 Kb2 46.Kh6 Rc7 47.g4 Kxa2 48.h4 a5 49.g5 a4 50.h5 a3 51.g6 hxg6
52.hxg6 Kb3 53.f6 a2 54.g7 Rc8 55.f7 a1=Q 56.f8=Q Qh1+ 57.Kg6 Qg2+ 58.Kh7 Qh3+
59.Kg8  0-1

[Event "JUG-chT FL"]
[Site "Arandjelovac"]
[Date "1990.??.??"]
[Round "8"]
[White "Cvetkovic, Srdjan"]
[Black "Kovacevic, Slobodan"]
[Result "1/2-1/2"]
[WhiteElo "2430"]
[BlackElo "2350"]

1.c4 c5 2.Nf3 b6 3.Nc3 Nf6 4.e4 d6 5.d4 cxd4 6.Nxd4 Bb7 7.Qe2 e6 8.g4 Nc6
9.Nxc6 Bxc6 10.Bg2 Be7 11.O-O Nd7 12.Bf4 a6 13.Rfd1 Qc7 14.Rac1 Bb7 15.b4 O-O
16.Qd2 Ne5 17.c5 dxc5 18.bxc5 Rad8 19.cxb6 Qxb6 20.Qe2 Rxd1+ 21.Rxd1 Ng6  1/2-1/2

[Event "Bad Ragaz op"]
[Site "Bad Ragaz"]
[Date "1990.??.??"]
[Round "3"]
[White "Hoensch, Matthias"]
[Black "Bex, Pierre Alain"]
[Result "0-1"]
[WhiteElo "2330"]
[BlackElo "2235"]

1.Nf3 Nf6 2.c4 c5 3.Nc3 g6 4.g3 b6 5.Bg2 Bb7 6.O-O Bg7 7.Re1 O-O 8.e4 Nc6
9.e5 Ne8 10.d4 d6 11.Bf4 Nxd4 12.Nxd4 Bxg2 13.Kxg2 cxd4 14.Qxd4 dxe5 15.Qxd8 Rxd8
16.Bxe5 Bxe5 17.Rxe5 e6 18.b4 Nc7 19.a4 Rd4 20.Re4 Rfd8 21.Rc1 a6 22.Rc2 Kf8
23.Kf3 f5 24.Rxd4 Rxd4 25.Ne2 Re4 26.h4 Ke7 27.b5 a5 28.Nc1 e5 29.Nb3 Ne6
30.Kg2 Nd4 31.Nxd4 exd4 32.c5 d3 33.Rd2 bxc5 34.Rxd3 Rxa4 35.Rd5 c4 36.b6 Rb4
37.Rxa5 Rxb6 38.Rc5 Rb4 39.Kf3 Kd6 40.Rc8 Kd5 41.Ke3 Rb6 42.Rc7 h5 43.Kd2 Rc6
44.Rd7+ Ke4 45.Kc3 Kf3 46.Rd2 f4 47.gxf4 Kxf4 48.Rd4+ Kf3 49.Rd5 Kxf2 50.Rg5 Kf3
51.Rg1 Ke4 52.Rg5 Kf4 53.Rg1 Kf5 54.Rg5+ Kf6 55.Rg1 Rc5 56.Rh1 g5 57.Rf1+ Kg6
58.hxg5 Kxg5 59.Kd4 Rc8 60.Rg1+ Kf4 61.Kc3  0-1

[Event "Baden-Baden op"]
[Site "Baden-Baden"]
[Date "1990.??.??"]
[Round "4"]
[White "Espig, Lutz"]
[Black "Schuh, Hubert"]
[Result "1-0"]
[WhiteElo "2505"]
[BlackElo "2370"]

1.Nf3 c5 2.c4 Nf6 3.Nc3 g6 4.d4 cxd4 5.Nxd4 Bg7 6.e4 d6 7.Be2 O-O 8.O-O a6
9.Be3 b6 10.f3 Bb7 11.Qd2 Re8 12.Rfd1 Nbd7 13.Bf1 Rc8 14.Rac1 Qc7 15.Nc2 Qb8
16.Nb4 e6 17.Bf4 Ne5 18.b3 Bf8 19.Nd3 Nfd7 20.Nf2 f5 21.Be3 Be7 22.f4 Nf7
23.exf5 gxf5 24.Ne2 Kh8 25.Bd4+ e5 26.Ba1 Bf6 27.Ng3 exf4 28.Bxf6+ Nxf6 29.Qxf4 Rg8
30.Nxf5 Rcf8 31.Rc3 Ne5 32.Rxd6 Nfd7 33.Qd4 Rxf5 34.Rxd7 Ba8 35.Rh3  1-0

[Event "Badenweiler op"]
[Site "Badenweiler"]
[Date "1990.??.??"]
[Round "2"]
[White "Keitlinghaus, Ludger"]
[Black "Biebinger, Gerhard"]
[Result "1/2-1/2"]
[WhiteElo "2405"]
[BlackElo "2290"]

1.Nf3 Nf6 2.c4 c5 3.Nc3 e6 4.g3 d5 5.cxd5 Nxd5 6.Bg2 Nxc3 7.bxc3 Nc6 8.O-O Be7
9.d4 O-O 10.Bf4 Qa5 11.Qb3 Qa6 12.e4 Na5 13.Qa3 b6 14.Rfd1 Re8 15.Rab1 Bd7
16.d5 exd5 17.exd5 Bf6 18.Bg5 Bxg5 19.Nxg5 Rad8 20.Re1 h6 21.Ne4 Bf5 22.Qa4 Bxe4
23.Rxe4 Rxe4 24.Qxe4 Qc8 25.Re1 g6 26.h4 Qd7 27.Qf4 h5 28.Qf6 Nc4 29.Re7 Qf5
30.Qxf5 gxf5 31.Rxa7 Kg7 32.Bf3 Kg6 33.Be2 b5 34.Bxc4 bxc4 35.Ra6+ f6 36.d6 f4
37.gxf4 Kf5 38.Rc6 Ke4 39.a4 Kd3 40.a5 Kxc3 41.a6 Kb4 42.a7 Kb5 43.Rc7 c3
44.Rb7+ Ka6 45.Rb8 Kxa7 46.Rb5 Rxd6 47.Rxc5 Rd3 48.Kf1 Kb6 49.Rc8 Kb5 50.Ke2 Rh3
51.Kd1 Kb4 52.Rf8 Kb3 53.Rb8+ Kc4 54.Kc2 Rf3 55.Rc8+ Kd4 56.Rd8+ Ke4 57.Rh8 Rxf4
58.Rxh5 Kd4 59.Rh8 Rxf2+ 60.Kc1 Rb2 61.h5 Kd3 62.Rd8+ Ke4 63.Rf8 f5 64.Rc8 Kd3
65.Rd8+ Ke2 66.Re8+ Kf2 67.Rh8 f4 68.h6 f3 69.h7 Kf1 70.Rf8 Rh2 71.Rxf3+ Ke2
72.Rxc3  1/2-1/2

[Event "Balassagyarmat"]
[Site "Balassagyarmat"]
[Date "1990.??.??"]
[Round "3"]
[White "Stangl, Markus"]
[Black "Fominyh, Alexander"]
[Result "1/2-1/2"]
[WhiteElo "2405"]
[BlackElo "2525"]

1.Nf3 c5 2.c4 Nf6 3.Nc3 d5 4.cxd5 Nxd5 5.e4 Nxc3 6.dxc3 Qc7 7.Bc4 e6 8.Bg5 Nc6
9.Qd2 Be7 10.O-O a6 11.Bxe7 Qxe7 12.e5 b5 13.Bd3 Bb7 14.Qf4 Qc7 15.Qg5 Ne7
16.Qxg7 Rg8 17.Qf6 O-O-O 18.Bxh7 Nd5 19.Qh4 Rh8 20.Ng5 Qxe5 21.Nxf7 Qg7 22.Nxh8 Rxh8
23.Rfe1 Rxh7 24.Qg3 Nf4 25.Qxg7 Rxg7 26.g3 Bd5 27.b3 Nh3+ 28.Kf1 Ng5 29.Re3 Nf3
30.h3 Rh7 31.Ke2 Ng5 32.h4 Ne4 33.Rg1 b4 34.c4 Bc6 35.f3 Nc3+ 36.Kf2 Rd7
37.Rxe6 Rd2+ 38.Ke1 Rd1+ 39.Kf2 Rd2+ 40.Ke1 Rd1+  1/2-1/2

[Event "Barcelona"]
[Site "Barcelona"]
[Date "1990.??.??"]
[Round "1"]
[White "Franco Ocampo, Zenon"]
[Black "Magem Badals, Jorge"]
[Result "1/2-1/2"]
[WhiteElo "2495"]
[BlackElo "2470"]

1.Nf3 c5 2.c4 Nf6 3.Nc3 e6 4.e3 d5 5.cxd5 Nxd5 6.d4 cxd4 7.exd4 Bb4 8.Bd2 Nc6
9.Bd3 O-O 10.O-O Be7 11.a3 Bf6 12.Qc2 h6 13.Be3 Nce7 14.Ne4 b6 15.Rad1 Bb7
16.Bc1 Nf5 17.Qe2 Rc8 18.Bb1 Qc7 19.Rfe1 Rfd8  1/2-1/2

[Event "Beersheba"]
[Site "Beersheba"]
[Date "1990.??.??"]
[Round "2"]
[White "Greenfeld, Alon"]
[Black "Ftacnik, Lubomir"]
[Result "1/2-1/2"]
[WhiteElo "2530"]
[BlackElo "2560"]

1.Nf3 Nf6 2.c4 c5 3.Nc3 e6 4.g3 b6 5.Bg2 Bb7 6.O-O d6 7.Re1 Nbd7 8.e4 Rc8
9.d4 cxd4 10.Nxd4 Rxc4 11.Nxe6 fxe6 12.e5 Bxg2 13.exf6 Nxf6 14.Rxe6+ Kd7
15.Kxg2 Qa8+ 16.f3 Rxc3 17.Rxf6 Rxc1 18.Rf7+ Ke6 19.Qb3+ d5 20.Rxf8 Rxa1
21.Qe3+ Kd6 22.Qf4+ Kc6 23.Qa4+ Kd6 24.Qb4+ Kc6 25.Qc3+ Kd6 26.Qb4+ Kc6 27.Qc3+ Kd6
28.Rxa8 Rxa8 29.Qxg7 Rxa2 30.Qf6+ Kc5 31.Kh3 Re8 32.Qc3+  1/2-1/2

[Event "Belgrade-B"]
[Site "Belgrade"]
[Date "1990.??.??"]
[Round "5"]
[White "Andonov, Bogomil"]
[Black "Misojcic, Miroslav"]
[Result "1/2-1/2"]
[WhiteElo "2360"]
[BlackElo "2280"]

1.Nf3 c5 2.c4 Nf6 3.Nc3 d5 4.cxd5 Nxd5 5.d4 e6 6.g3 cxd4 7.Nxd5 Qxd5 8.Qxd4 Qxd4
9.Nxd4 Bb4+ 10.Bd2 Bxd2+ 11.Kxd2 Bd7 12.Bg2 Nc6 13.Nxc6 Bxc6 14.Bxc6+ bxc6
15.Kc3 O-O-O 16.Rhd1 Kc7 17.Kc4 a5 18.Kc5 Rd5+ 19.Kc4 Rhd8 20.Rd3 Rb8 21.b3 Rbb5
22.Kc3 Rbc5+ 23.Kd2 f5 24.Re1 Kd6 25.e4 Rxd3+ 26.Kxd3 g5 27.h3 Rb5 28.Re2 a4
29.bxa4 Rb4 30.exf5 exf5 31.Kc3 Rxa4 32.Kb3 Rd4 33.a4 Rd3+ 34.Kc4 Ra3 35.Rd2+ Kc7
36.Kb4 Ra1 37.Rd3 Kb6 38.Rf3 Rb1+ 39.Rb3 Rc1 40.Rc3 Rb1+ 41.Rb3 Rc1 42.a5+ Kb7
43.Rf3 Rb1+ 44.Rb3 Rc1  1/2-1/2

[Event "Belgrade-B"]
[Site "Belgrade"]
[Date "1990.??.??"]
[Round "7"]
[White "Andonov, Bogomil"]
[Black "Mitev, Georgi"]
[Result "1-0"]
[WhiteElo "2360"]
[BlackElo "2340"]

1.c4 Nf6 2.Nc3 c5 3.Nf3 e6 4.d4 cxd4 5.Nxd4 a6 6.e4 d6 7.Bd3 b6 8.O-O Bb7
9.Qe2 Nbd7 10.b3 Be7 11.Bb2 Qc7 12.Bc2 Rc8 13.Rad1 Qb8 14.Rfe1 g5 15.Rd2 h5
16.Nd5 exd5 17.exd5 Ne5 18.Bf5 Nfd7 19.Nc6 Rxc6 20.Bxd7+ Kxd7 21.Bxe5 dxe5
22.dxc6+ Ke6 23.cxb7 Bb4 24.Red1 Bxd2 25.Qxd2 Qxb7 26.Qxg5 f6 27.Rd6+  1-0

[Event "Belgrade-A"]
[Site "Belgrade"]
[Date "1990.??.??"]
[Round "7"]
[White "Kapetanovic, Armin"]
[Black "Mijailovic, Zoran"]
[Result "1-0"]
[WhiteElo "2390"]
[BlackElo "2325"]

1.Nf3 Nf6 2.c4 c5 3.Nc3 g6 4.d4 cxd4 5.Nxd4 Nc6 6.g3 d6 7.Bg2 Bd7 8.O-O Bg7
9.Nc2 O-O 10.b3 Qa5 11.Bd2 Qh5 12.e4 Qxd1 13.Raxd1 Rfc8 14.Rfe1 Ne8 15.h3 Nc7
16.Nd5 Rab8 17.Be3 Ne6 18.Bf1 Kf8 19.f4 b6 20.Bf2 Nc5 21.Re2 Be8 22.Kh2 h6
23.Bg2 e6 24.Ndb4 Nxb4 25.Nxb4 Ke7 26.g4 g5 27.e5 dxe5 28.fxe5 Rd8 29.Rxd8 Rxd8
30.Bxc5+ bxc5 31.Na6 Bd7 32.Nxc5 Bc8 33.Bb7 Bxb7 34.Nxb7 Rc8 35.Kg2 Kf8 36.Kf3 a6
37.Ke4 Rc7 38.Nd6 Ke7 39.Rf2 Bxe5 40.Rxf7+ Kxd6 41.Rxc7  1-0

[Event "Bern zt"]
[Site "Bern"]
[Date "1990.??.??"]
[Round "10"]
[White "Soffer, Ram"]
[Black "Bruk, Ofer"]
[Result "1/2-1/2"]
[WhiteElo "2440"]
[BlackElo "2435"]

1.c4 c5 2.Nc3 Nf6 3.Nf3 e6 4.g3 b6 5.Bg2 Bb7 6.O-O Be7 7.d4 cxd4 8.Qxd4 O-O
9.Bf4 Nc6 10.Qd2 Na5 11.b3 d5 12.Ne5 Bb4 13.Qb2 Rc8 14.Bd2 dxc4 15.Bxb7 Nxb7  1/2-1/2

[Event "Bern zt"]
[Site "Bern"]
[Date "1990.??.??"]
[Round "13"]
[White "Lev, Ronen"]
[Black "Wahls, Matthias"]
[Result "0-1"]
[WhiteElo "2390"]
[BlackElo "2565"]

1.Nf3 Nf6 2.c4 c5 3.Nc3 e6 4.g3 b6 5.Bg2 Bb7 6.O-O d6 7.d4 cxd4 8.Qxd4 a6
9.b3 Nbd7 10.Rd1 Be7 11.Ng5 Bxg2 12.Kxg2 O-O 13.Nge4 Qc7 14.Bg5 h6 15.Nxf6+ Nxf6
16.Be3 b5 17.cxb5 axb5 18.Kg1 Rfb8 19.a4 bxa4 20.bxa4 Nd7 21.Nb5 Qc2 22.Rac1 Qxe2
23.Nxd6 Nf6 24.Nb5 Rd8 25.Qa1 Rxd1+ 26.Rxd1 Qc2 27.Na7 Ng4 28.Rc1 Qf5 29.Nc6 Bf6
30.Bd4 e5 31.Bb6 e4 32.Qa2 e3 33.fxe3 Rxa4 34.Qc2 Qh5 35.Qe2 Re4 36.Rc2 Bg5
37.Rc3 Qg6 38.Bd4 Qe6 39.h3 Nxe3 40.Bxe3 Bxe3+  0-1

[Event "Biel op (Women)"]
[Site "Biel"]
[Date "1990.??.??"]
[Round "2"]
[White "Chelushkina, Irina"]
[Black "Grinfeld, Alla B"]
[Result "1/2-1/2"]
[WhiteElo "2370"]
[BlackElo "2200"]

1.c4 c5 2.Nc3 e6 3.Nf3 Nf6 4.e3 d5 5.d4 dxc4 6.Bxc4 a6 7.Bd3 Nbd7 8.O-O b5
9.a4 b4 10.Ne4 Bb7 11.Ng3 Bd6 12.Re1 Qc7 13.Bd2 O-O 14.Rc1 Qb6 15.Qe2 Rfc8
16.Red1 h6 17.Bc4 Rd8 18.Be1 Rac8 19.a5 Qxa5 20.Ra1 Qb6 21.Bxa6 Ra8 22.Bxb7 Qxb7
23.dxc5 Bxc5 24.Rac1 Qb6 25.Rc4 Ra2 26.h3 Rb8 27.Ne4 Nxe4 28.Rxe4 Nf6 29.Rc4 Bf8
30.Ne5 Qb5 31.Nc6 Rba8 32.Nd4 Rxb2 33.Qxb2 Qxc4 34.Rc1 Qd5 35.Bxb4 Bxb4 36.Qxb4 Ne4
37.Qb1 Nf6 38.Rd1 Qe4 39.Qb3 Rc8 40.f3 Qa8 41.Rb1 Qd5 42.Qa3 Ra8 43.Qc1 Qd7
44.Nc6 Nd5 45.e4 Nf6 46.Qc5 Qd2 47.Qf2 Qc3 48.Nd4 Ra1 49.Rxa1 Qxa1+ 50.Kh2 Qc3
51.Nc2  1/2-1/2

[Event "Biel op (Women)"]
[Site "Biel"]
[Date "1990.??.??"]
[Round "2"]
[White "Nutu Gajic, Dana"]
[Black "Kereszturi, Sara"]
[Result "1-0"]
[WhiteElo "2295"]
[BlackElo "2095"]

1.Nf3 Nf6 2.c4 c5 3.Nc3 g6 4.e4 Nc6 5.d4 cxd4 6.Nxd4 Bg7 7.Be3 O-O 8.Be2 b6
9.Qd2 Bb7 10.f3 Rc8 11.O-O Ne8 12.Nb3 d6 13.Rfd1 f5 14.exf5 gxf5 15.Nd5 e6
16.Nf4 Qe7 17.Rac1 Kh8 18.Nh5 Rg8 19.f4 Rc7 20.Bf3 e5 21.Bd5 Qh4 22.Bxg8 Kxg8
23.Ng3 Qg4 24.Rf1 Rf7 25.Rf2 h5 26.Qd1 h4 27.Nh5 Bh6 28.h3 Qg6 29.Rc3 Kh7
30.Bc1 Nb4 31.fxe5 Nxa2 32.Nf4 Nxc3 33.bxc3 Bxf4 34.Bxf4 dxe5 35.Bxe5 Nf6
36.Qd8 f4 37.Nd4 Qb1+ 38.Kh2 Qe1 39.Re2 Qg3+ 40.Kg1 Kg6 41.Ne6 Kf5 42.Nxf4 Qxc3
43.Qd6 Ne4  1-0

[Event "Biel op"]
[Site "Biel"]
[Date "1990.??.??"]
[Round "7"]
[White "Pavlovic, Milos"]
[Black "Schoen, Wolfram"]
[Result "0-1"]
[WhiteElo "2465"]
[BlackElo "2380"]

1.c4 Nf6 2.Nf3 c5 3.Nc3 d5 4.cxd5 Nxd5 5.g3 Nc6 6.Bg2 Nc7 7.O-O e5 8.b3 Be7
9.Bb2 Bd7 10.Rc1 f6 11.Ne1 O-O 12.Nd3 Ne6 13.Nd5 Rc8 14.e3 Bd6 15.f4 exf4
16.gxf4 b6 17.Nc3 Ne7 18.Nf2 f5 19.Qe2 Ng6 20.Nd3 Kh8 21.Rf3 Re8 22.Rcf1 Nd4
23.Qd1 Nxf3+ 24.Rxf3 Bc6 25.Rh3 Bxg2 26.Kxg2 Be7 27.Ne1 Bf6 28.Nf3 Qd3 29.Kf2 Rcd8
30.Qg1 Kg8 31.Na4 Nxf4 32.exf4 Re2+ 33.Kg3 Rd6 34.Rh5 h6 35.Qf1 Be7 36.Nc3 Rg6+
37.Rg5 Rxg5+ 38.fxg5 Bd6+ 39.Kh4 Rxh2+ 40.Nxh2 Qg3+ 41.Kh5 Qxg5+  0-1

[Event "Biel op"]
[Site "Biel"]
[Date "1990.??.??"]
[Round "10"]
[White "Schmidt, Wlodzimierz"]
[Black "Ionescu, Constantin"]
[Result "1/2-1/2"]
[WhiteElo "2455"]
[BlackElo "2440"]

1.Nf3 Nf6 2.c4 c5 3.Nc3 e6 4.g3 b6 5.Bg2 Bb7 6.O-O a6 7.b3 d6 8.Bb2 Be7 9.d4 cxd4
10.Nxd4 Ra7 11.e4 O-O 12.f4 Nbd7 13.Qe2 Qa8 14.Rfe1 Rc8 15.f5 e5 16.Nd5 Bd8
17.Ne6 b5 18.Nxd8 Rxd8 19.Ba3 Bxd5 20.exd5 Qb8 21.g4 h6 22.h4 Qb6+ 23.Kh2 h5
24.gxh5 bxc4 25.Rac1 Rc7 26.bxc4 Rdc8 27.Kh3 Nc5 28.Rg1 Qa5 29.Qe3 Nxh5 30.Bf1 Ne4
31.f6 g6 32.Rc2 Nexf6 33.Bxd6 Qa4 34.Bxc7 Nf4+ 35.Kg3 N4h5+ 36.Kh3 Nf4+ 37.Kg3 N4h5+  1/2-1/2

[Event "Biel"]
[Site "Biel"]
[Date "1990.??.??"]
[Round "13"]
[White "Karpov, Anatoly"]
[Black "Wahls, Matthias"]
[Result "1/2-1/2"]
[WhiteElo "2730"]
[BlackElo "2525"]

1.Nf3 Nf6 2.c4 c5 3.Nc3 e6 4.g3 b6 5.Bg2 Bb7 6.O-O d6 7.b3 a6 8.Bb2 Be7 9.d4 cxd4
10.Nxd4 Bxg2 11.Kxg2 Qc8 12.e3 O-O 13.Qf3 Ra7 14.Na4 Rb7 15.Rac1 Qd7 16.Nc3 Rc8
17.Rfd1 Rbc7 18.e4 Nc6 19.Na4 Rb7 20.Nxc6 Qxc6 21.e5 dxe5 22.Qxc6 Rxc6 23.Bxe5 Nd7
24.Bb2 b5 25.cxb5 Rxc1 26.Rxc1 axb5 27.Rc8+ Bf8 28.Nc3 b4 29.Na4 f5 30.Bd4 Kf7
31.Nb2 e5 32.Be3 Nb6 33.Rc6 Nd5 34.Bc5 Bxc5 35.Rxc5 Ke6 36.Ra5 e4 37.Nc4 g6
38.h3 Nc3 39.h4 Rd7 40.Ra6+ Ke7 41.h5 gxh5 42.Rh6 Rd5 43.Rxh5 Kf6 44.Rxh7 Nxa2
45.Rb7 Rc5 46.Kh3 Kg5 47.Rb6 Rc7 48.Nd2 Kh5 49.Rf6 Kg5 50.Ra6 Nc1 51.f4+ exf3
52.Nxf3+ Kh5 53.Nd4 Rc3 54.Nxf5 Rxb3 55.Re6 Kg5 56.Ne7 Rd3 57.Rg6+ Kh5 58.Kg2 Rd2+
59.Kf3 Rd3+ 60.Kg2 Rd2+ 61.Kh3  1/2-1/2

[Event "Bielsko Biala op"]
[Site "Bielsko Biala"]
[Date "1990.??.??"]
[Round "10"]
[White "Dabek, Roman"]
[Black "Pisulinski, Jan"]
[Result "1/2-1/2"]
[WhiteElo "2370"]
[BlackElo "2365"]

1.Nf3 Nf6 2.c4 c5 3.Nc3 b6 4.g3 Bb7 5.Bg2 e6 6.O-O a6 7.b3 Be7 8.d4 cxd4
9.Qxd4 O-O 10.Rd1 Nc6 11.Qf4 Ne8 12.Ne5 Nxe5 13.Bxb7 Ra7 14.Bg2 Ng6 15.Qe3 Qb8
16.Bb2 Nf6 17.Ne4 Nxe4 18.Bxe4 f5 19.Bg2 f4 20.Qe4 Qc7 21.Rd3 Bc5 22.Rf3 a5
23.a4 Raa8 24.gxf4 Nh4 25.Rg3 Bxf2+ 26.Kxf2 Rxf4+ 27.Kg1 Rxe4 28.Bxe4 Nf5
29.Bxf5 exf5 30.Rxg7+ Kf8 31.e3 Qc6 32.Bd4 Re8 33.Rf1 Re6 34.Rxf5+ Ke8 35.Rb5 Qf3
36.Rg8+ Ke7 37.Rg7+ Kd8 38.Rd5 Qd1+ 39.Kf2 Qc2+ 40.Kf3 Qd1+ 41.Kf2 Qxb3 42.Rdxd7+ Ke8
43.Ra7 Qc2+ 44.Kf3 Qe4+ 45.Kg3 Rg6+ 46.Rxg6 Qxg6+ 47.Kf4 Qd6+ 48.Ke4 Qc6+
49.Ke5 Qxa4 50.Kd5 Qd1 51.Rxh7 a4 52.Ra7 Qh5+ 53.Kc6 Qg6+ 54.Kd5 Qf5+ 55.Kd6 Qg6+
56.Kc7 Qf7+ 57.Kxb6 Qxc4 58.h4 a3 59.h5 a2 60.h6 Qe6+  1/2-1/2

[Event "Bordeaux"]
[Site "Bordeaux"]
[Date "1990.??.??"]
[Round "1"]
[White "Vaisman, Volodia"]
[Black "Garrido, D."]
[Result "1-0"]
[WhiteElo "2380"]
[BlackElo "2250"]

1.Nf3 Nf6 2.c4 c5 3.Nc3 e6 4.e4 d6 5.d4 cxd4 6.Nxd4 b6 7.g3 Bb7 8.Bg2 a6
9.O-O Nbd7 10.Re1 Qc7 11.Bg5 Be7 12.Nd5 exd5 13.exd5 Kf8 14.Nf5 Re8 15.Bf4 Ng8
16.Rxe7 Nxe7 17.Bxd6  1-0

[Event "Budapest Herbstlich"]
[Site "Budapest"]
[Date "1990.??.??"]
[Round "1"]
[White "Gschnitzer, Oswald"]
[Black "Blees, Albert"]
[Result "1/2-1/2"]
[WhiteElo "2440"]
[BlackElo "2400"]

1.Nf3 Nf6 2.c4 c5 3.Nc3 e6 4.g3 b6 5.Bg2 Bb7 6.O-O Be7 7.d4 cxd4 8.Qxd4 d6
9.Rd1 a6 10.Ng5 Bxg2 11.Kxg2 O-O 12.Nge4 Ne8 13.b3 Nd7 14.Ba3 Nc5 15.Nxc5 bxc5
16.Qf4 Bf6 17.Rd3 Rc8 18.Rad1 Qa5 19.Qc1 Be5 20.Ne4 Qb6 21.Bb2 Qb7 22.f3 f5
23.Ng5 Bxb2 24.Qxb2 e5 25.Qd2 h6 26.Nh3 Rc7 27.Nf2 e4 28.Re3 Kh8 29.Qd5 Qc8
30.fxe4 Nf6 31.Qxd6 fxe4 32.Rf1 Rcf7 33.h3 Qf5 34.Nd1 Qg5 35.Rc3 Nh7 36.Rxf7 Rxf7
37.Ne3 Nf8 38.h4 Qh5 39.Qd1 Rd7 40.Qe1 Qe5 41.Nd5 Ne6 42.Re3 Nd4 43.Nf4 Kh7
44.Qb1 Re7 45.Nd3 Qf5 46.Nf2 Qg6 47.Rxe4 Nf5 48.Qd3 Qc6 49.Kh2 Rd7 50.Qf3 Nd4
51.Qg4 Rf7 52.Rf4 Re7 53.e4 Kg8 54.Nd3 a5 55.Qh5 Ne6 56.Rf3 Qxe4 57.Nxc5 Qc2+
58.Kh3 Nxc5 59.Qxc5 Re2 60.Qc8+ Kh7 61.Qf5+ Qxf5+ 62.Rxf5 Rxa2 63.Rf3 Rc2
64.g4 h5 65.gxh5 Kh6 66.Rg3 a4 67.bxa4 Rxc4 68.a5 Kxh5 69.Rxg7 Rxh4+ 70.Kg3 Ra4
71.Ra7 Kg5 72.a6 Ra3+ 73.Kf2 Kf6 74.Ra8 Kg7 75.Ke2 Rc3 76.Ra7+ Kf6 77.Ra8 Kg7
78.Ra7+ Kf6 79.Ra8 Kg7 80.Ra7+ Kf6 81.Kd2 Rc8 82.Rb7 Ke6 83.a7 Ra8  1/2-1/2

[Event "Noviki-B"]
[Site "Budapest"]
[Date "1990.??.??"]
[Round "4"]
[White "Arbakov, Valentin"]
[Black "Stangl, Markus"]
[Result "1-0"]
[WhiteElo "2415"]
[BlackElo "2405"]

1.c4 c5 2.Nf3 Nf6 3.Nc3 e6 4.e4 d6 5.d4 cxd4 6.Nxd4 a6 7.f4 Nbd7 8.Bd3 g6
9.Nf3 Bg7 10.O-O O-O 11.Kh1 Qc7 12.Qe1 b6 13.Qh4 Bb7 14.f5 Rfe8 15.Bh6 Qc5
16.Bxg7 Kxg7 17.fxe6 Rxe6 18.Nd5 Rae8 19.b4 Qc8 20.Nd4 Bxd5 21.exd5 Re3 22.Bf5 Qc7
23.Bxd7 Nxd7 24.Rxf7+ Kxf7 25.Qxh7+ Kf6 26.Rf1+ Ke5 27.Nc6+  1-0

[Event "Spring op"]
[Site "Budapest"]
[Date "1990.??.??"]
[Round "4"]
[White "Yewdokimov, Oleg"]
[Black "Madl, Ildiko"]
[Result "0-1"]
[WhiteElo "2345"]
[BlackElo "2390"]

1.Nf3 c5 2.c4 Nf6 3.Nc3 g6 4.g3 Bg7 5.Bg2 O-O 6.O-O Nc6 7.d4 cxd4 8.Nxd4 Ng4
9.Nxc6 dxc6 10.Bd2 Qd4 11.b3 Bf5 12.e4 Be6 13.Qc2 Rad8 14.Rad1 Qd3 15.Qc1 Nxf2
16.Kxf2 Bg4 17.Nd5 Rxd5 18.Kg1 Rd7  0-1

[Event "Noviki-B"]
[Site "Budapest"]
[Date "1990.??.??"]
[Round "5"]
[White "Stangl, Markus"]
[Black "Szalanczy, Emil"]
[Result "1-0"]
[WhiteElo "2405"]
[BlackElo "2420"]

1.Nf3 c5 2.c4 Nf6 3.Nc3 g6 4.d4 Bg7 5.e4 O-O 6.Be2 d6 7.O-O Nc6 8.d5 Na5
9.h3 e5 10.a3 b6 11.b4 Nb7 12.Ne1 Ne8 13.g4 f5 14.Ng2 Kh8 15.Bd2 Nf6 16.f3 Bd7
17.Qc2 Ng8 18.Bd3 Bh6 19.exf5 gxf5 20.gxf5 Qf6 21.f4 Bxf5 22.fxe5 Qxe5 23.Bxf5 Qd4+
24.Kh1 Qxd2 25.Qxd2 Bxd2 26.Ne4 Bh6 27.Bd7 Bg7 28.Rab1 Nf6 29.Nxf6 Rxf6 30.Rxf6 Bxf6
31.Bc6 Rb8 32.Rf1 Bb2 33.Rf7 cxb4 34.axb4 a5 35.Bxb7 a4 36.Bc6 a3 37.Ra7 Rf8
38.Ne3 Rf3 39.Nc2 Rc3 40.Nxa3 Bxa3 41.c5 bxc5 42.b5 Rb3 43.b6 c4 44.b7 c3
45.Rxa3 c2 46.Ra1 Kg7 47.Kh2 Rb1 48.b8=Q Rxb8 49.Rc1 Rb2 50.Ba4 Ra2 51.Bxc2 Kf6
52.Kg3 Ra3+ 53.Kh4 h6 54.Re1 Rc3 55.Re6+ Kg7 56.Be4 Re3 57.Bf5  1-0

[Event "Budapest Noviki-C"]
[Site "Budapest"]
[Date "1990.??.??"]
[Round "5"]
[White "Szilagyi, Peter"]
[Black "Levin, Felix"]
[Result "1/2-1/2"]
[WhiteElo "2395"]
[BlackElo "2375"]

1.c4 e6 2.Nc3 c5 3.Nf3 Nf6 4.d4 cxd4 5.Nxd4 Nc6 6.g3 Qb6 7.Ndb5 Ne5 8.Bg2 a6
9.Qa4 Neg4 10.O-O Rb8 11.Na3 Bc5 12.Nd1 O-O 13.Rb1 Be7 14.Ne3 Ne5 15.Bd2 Qc7
16.Rfc1 d6 17.Qd1 b6 18.Rc2 Bb7 19.Qf1 Ne4 20.Be1 Rbc8 21.Nd5 exd5 22.cxd5 Nc5
23.b4 b5  1/2-1/2

[Event "Budapest IM-A"]
[Site "Budapest"]
[Date "1990.??.??"]
[Round "6"]
[White "Busch, Klaus"]
[Black "Feher, Gyula"]
[Result "0-1"]
[WhiteElo "2305"]
[BlackElo "2390"]

1.Nf3 c5 2.c4 Nf6 3.Nc3 g6 4.d4 Bg7 5.g3 cxd4 6.Nxd4 O-O 7.Bg2 d6 8.O-O Qa5
9.Nb3 Qh5 10.e4 Qxd1 11.Rxd1 Nbd7 12.h3 Ne5 13.Bf1 Be6 14.f4 Ned7 15.Nd4 Nc5
16.Nxe6 fxe6 17.Bg2 Nh5 18.Ne2 e5 19.f5 gxf5 20.exf5 Rxf5 21.g4 Nf4 22.Nxf4 Rxf4
23.Bxf4 exf4 24.Rd2 a5 25.Re1 Kf7 26.Bd5+ Kf8 27.Kg2 h6 28.Kf3 Be5 29.Rg1 e6
30.Be4 Rb8 31.g5 hxg5 32.Rxg5 Nd7 33.b3 Ke7 34.Rh5 Nf6 35.Rg5 Rh8 36.Rh2 b6
37.Rg7+ Kd8 38.Rb7 Kc8 39.Ra7 Rh4 40.Ra8+ Kc7 41.Ra7+ Kb8 42.Ra8+ Kc7 43.Rh1 Bd4
44.Ra7+ Kd8 45.Rf7 Be5 46.Bd3 Bd4 47.Kg2 Rh8 48.Kf3 Rh4 49.a3 Ke8 50.Bg6 Kd8
51.Bc2 Ke8 52.Ra7 Kd8 53.b4 axb4 54.axb4 Nd7 55.Ke4 Be5 56.Bd1 f3+ 57.Kxf3 Rxc4
58.Rg1 b5 59.Rg8+ Ke7 60.Rb7 Rxb4 61.Be2 Rb3+ 62.Kg2 Rb2 63.Kf3 Rb3+ 64.Kf2 d5
65.Bh5 Rc3 66.Re8+ Kd6 67.Rd8 Rc7 68.Rxb5 Bf6 69.Ra8 Rc2+ 70.Ke1 Nc5 71.Kd1 Rc3
72.Bg4 Bg5 73.Ra2 Ne4 74.Rb6+ Kc5 75.Rab2 Rc1+ 76.Ke2 Nc3+ 77.Kd3 e5 78.Rc2 Rxc2
79.Kxc2 Kxb6 80.Kxc3 Kc5 81.Bc8 e4 82.Bb7 Bf6+ 83.Kd2 Kd4 84.Kc2 Bg5 85.Kb3 Ke5
86.Kb4 d4 87.Kc4 d3 88.Bc8 Kf4 89.Bg4 Bf6 90.Bh5 Kg3 91.Bg6 d2 92.Bh5 Kf2  0-1

[Event "Budapest Noviki-C"]
[Site "Budapest"]
[Date "1990.??.??"]
[Round "6"]
[White "Volodin, Viktor"]
[Black "Beck, Hartmuth"]
[Result "0-1"]
[WhiteElo "2260"]
[BlackElo "2265"]

1.Nf3 c5 2.c4 Nf6 3.Nc3 g6 4.d4 cxd4 5.Nxd4 Bg7 6.e4 d6 7.Be2 O-O 8.Be3 Nc6
9.Rc1 Bd7 10.O-O Nxd4 11.Bxd4 Bc6 12.f3 a6 13.Qd2 Qb8 14.Rfd1 b5 15.c5 dxc5
16.Bxc5 Re8 17.Bf1 Kh8 18.Be3 e6 19.Ne2 Bb7 20.Qa5 Bxe4 21.Bd4 Bd5 22.Nc3 Bb7
23.a4 bxa4 24.Be5 Qa7+ 25.Bd4 Qb8 26.Be5 Qa7+ 27.Bd4 Qb8 28.Nxa4 Nd5 29.Bxg7+ Kxg7
30.Nc5 Rc8 31.Rd3 Bc6 32.Rb3 Qf4 33.Rc4 Qc7 34.Qe1 Qe7 35.Qe5+ Kg8 36.Ne4 Bb5
37.Rxc8+ Rxc8 38.Bxb5 axb5 39.Qd4 Rc1+ 40.Kf2 Qh4+ 41.Ke2 Qe1+  0-1

[Event "Noviki-B"]
[Site "Budapest"]
[Date "1990.??.??"]
[Round "7"]
[White "Stangl, Markus"]
[Black "Holzmann, Herbert"]
[Result "1-0"]
[WhiteElo "2405"]
[BlackElo "2415"]

1.Nf3 Nf6 2.c4 c5 3.Nc3 d5 4.cxd5 Nxd5 5.e4 Nc7 6.d4 cxd4 7.Qxd4 Qxd4 8.Nxd4 e5
9.Ndb5 Nxb5 10.Bxb5+ Bd7 11.Bxd7+ Nxd7 12.Ke2 O-O-O 13.Be3 Bc5 14.Nd5 Kb8
15.Rhd1 Bxe3 16.Kxe3 Nc5 17.Rac1 Ne6 18.g3 Rc8 19.f4 f6 20.Nb4 Rxc1 21.Rxc1 exf4+
22.gxf4 Rc8 23.Rg1 g5 24.fxg5 fxg5 25.Rg2 h6 26.Nd3 Rf8 27.Rc2 g4 28.Rf2 Rxf2
29.Kxf2 Ng5 30.Kg3 h5 31.e5 Nf3 32.h3 Kc7 33.hxg4 hxg4 34.Kxg4 Nd4 35.Kg5 Kc6
36.Kf6 Kd5 37.Nf4+ Ke4 38.e6 Nc6 39.e7 Nxe7 40.Kxe7 Kxf4 41.Kd6 Ke4 42.Kc7 b5
43.Kc6 b4 44.Kb5 Kd5 45.Kxb4 Kc6 46.Ka5 Kb7 47.Kb5 Kc7 48.Ka6 Kb8 49.b4 Ka8
50.b5 Kb8 51.a3 Ka8 52.a4 Kb8 53.a5  1-0

[Event "Spring op"]
[Site "Budapest"]
[Date "1990.??.??"]
[Round "7"]
[White "Piesina, Gintautas"]
[Black "Magerramov, Elmar"]
[Result "0-1"]
[WhiteElo "2420"]
[BlackElo "2500"]

1.Nf3 Nf6 2.c4 c5 3.Nc3 e6 4.d4 cxd4 5.Nxd4 d5 6.cxd5 Nxd5 7.Bd2 Bc5 8.Nb3 Bb6
9.g3 a5 10.Bg2 a4 11.Nc1 a3 12.Nd3 axb2 13.Rb1 O-O 14.O-O Nc6 15.Nxd5 exd5
16.Rxb2 Bd4 17.Rb1 Rxa2 18.Nb4 Ra7 19.Nxd5 Be6 20.e4 Qd7 21.Bf4 f5 22.Ne3 fxe4
23.Bxe4 Ra5 24.Qd3 g5 25.Bxc6 bxc6 26.Bc7 Ra4 27.Bb6 c5 28.Rfd1 Qf7 29.Rd2 Qf3
30.Re1 Bd5 31.Nxd5 Bxf2+ 32.Kf1 Be3+  0-1

[Event "Noviki-B"]
[Site "Budapest"]
[Date "1990.??.??"]
[Round "7"]
[White "Savon, Vladimir A"]
[Black "Luce, Sebastien"]
[Result "1-0"]
[WhiteElo "2450"]
[BlackElo "2395"]

1.Nf3 Nf6 2.c4 e6 3.Nc3 c5 4.g3 b6 5.Bg2 Bb7 6.O-O Be7 7.d4 cxd4 8.Qxd4 O-O
9.Rd1 Qc8 10.Qd3 Na6 11.Bg5 Nc5 12.Qe3 h6 13.Bxf6 Bxf6 14.Rac1 a5 15.Nd4 Bxg2
16.Kxg2 Bg5 17.f4 Be7 18.Qf3 f5 19.e4 fxe4 20.Nxe4 a4 21.Nb5 Nxe4 22.Qxe4 Bf6
23.Rc2 Ra5 24.Rd6 Be7 25.Rdd2 Bf6 26.Re2 Qc5 27.Rcd2 Rc8 28.Nd6 Rb8 29.Nb7 Rxb7
30.Qxb7 Qxc4 31.Qxd7 Qxa2 32.b4  1-0